Kariera klubowa Ronaldinho - Statystyki

Ogólne statystyki
  • Ten quiz został rozwiązany 660 razy
  • Średni wynik to 4 z 8
Statystyki odpowiedzi
Lata gry Klub % Poprawnych
2003 - 2008 FC Barcelona
100%
2008 - 2011 AC Milan
90%
2001 - 2003 Paris Saint-Germain
80%
2011 - 2012 CR Flamengo
38%
1998 - 2001 Grêmio Porto Alegre
34%
2012 - 2014 Atlético Mineiro
19%
2015 Fluminense
19%
2014 - 2015 Querétaro
6%
Nie znaleziono quizów pasujących do podanych kryteriów
Rozkład punktacji
Procent ludzi z każdym wynikiem
Percentyl według liczby udzielonych odpowiedzi
Twoja historia wyników
Nie rozwiązałeś tego quizu